| Tag |
First Indicator |
Second Indicator |
Subfields |
| LEADER |
00000cam a2200000Mu 4500 |
| 001 |
in00004635304 |
| 006 |
m o d |
| 007 |
cr |n|---||||| |
| 008 |
180303s2017 ag o 000 0 spa d |
| 005 |
20230103223432.3 |
| 035 |
|
|
|a (OCoLC)on1027179683
|
| 040 |
|
|
|a EBLCP
|b eng
|e pn
|c EBLCP
|d OCLCQ
|d JSTOR
|d OCLCF
|d OCLCO
|d LIP
|d OCLCO
|
| 019 |
|
|
|a 1301063899
|
| 020 |
|
|
|a 9789877222524
|
| 020 |
|
|
|a 9877222523
|
| 035 |
|
|
|a (OCoLC)1027179683
|z (OCoLC)1301063899
|
| 037 |
|
|
|a 22573/ctv252tm7q
|b JSTOR
|
| 050 |
|
4 |
|a GN564.A7
|
| 072 |
|
7 |
|a SOC
|x 022000
|2 bisacsh
|
| 080 |
|
|
|a 316.72(82)
|
| 082 |
0 |
4 |
|a 305.800982
|2 23
|
| 049 |
|
|
|a TXAM
|
| 100 |
1 |
|
|a Grimson, Alejandro.
|
| 245 |
1 |
0 |
|a Estudios sobre diversidad sociocultural en la Argentina contemporánea.
|
| 260 |
|
|
|a Buenos Aires :
|b CLACSO,
|c 2017.
|
| 300 |
|
|
|a 1 online resource (209 pages)
|
| 336 |
|
|
|a text
|b txt
|2 rdacontent
|
| 337 |
|
|
|a computer
|b c
|2 rdamedia
|
| 338 |
|
|
|a online resource
|b cr
|2 rdacarrier
|
| 588 |
0 |
|
|a Print version record.
|
| 650 |
|
0 |
|a Ethnicity
|z Argentina.
|
| 650 |
|
0 |
|a Multiculturalism
|z Argentina.
|
| 651 |
|
0 |
|a Argentina
|x Social conditions.
|
| 650 |
|
6 |
|a Ethnicité
|z Argentine.
|
| 650 |
|
6 |
|a Multiculturalisme
|z Argentine.
|
| 651 |
|
6 |
|a Argentine
|x Conditions sociales.
|
| 650 |
|
7 |
|a SOCIAL SCIENCE / Popular Culture
|2 bisacsh
|
| 650 |
|
7 |
|a Ethnicity.
|2 fast
|0 (OCoLC)fst00916034
|
| 650 |
|
7 |
|a Multiculturalism.
|2 fast
|0 (OCoLC)fst01028836
|
| 650 |
|
7 |
|a Social conditions.
|2 fast
|0 (OCoLC)fst01919811
|
| 651 |
|
7 |
|a Argentina.
|2 fast
|0 (OCoLC)fst01205614
|
| 655 |
|
7 |
|a Electronic books.
|2 local
|
| 700 |
1 |
|
|a Karasik, Gabriela A.
|
| 710 |
2 |
|
|a JSTOR (Organization)
|
| 776 |
0 |
8 |
|i Print version:
|a Grimson, Alejandro.
|t Estudios sobre diversidad sociocultural en la Argentina contemporánea.
|d Buenos Aires : CLACSO, ©2017
|
| 856 |
4 |
0 |
|u https://www.jstor.org/stable/10.2307/j.ctv253f65c
|z Connect to the full text of this electronic book
|t 0
|
| 955 |
|
|
|a JSTOR Open Access ebooks
|
| 994 |
|
|
|a 92
|b TXA
|
| 999 |
f |
f |
|s a6455351-1775-4308-b050-97a6452d31f6
|i 39eeaa41-4c90-45b3-a87a-66513799f0a7
|t 0
|
| 952 |
f |
f |
|a Texas A&M University
|b College Station
|c Electronic Resources
|d Available Online
|t 0
|e GN564.A7
|h Library of Congress classification
|
| 998 |
f |
f |
|a GN564.A7
|t 0
|l Available Online
|